Marketing Management:Global Perspective Indian Context (Record no. 6214)

MARC details
000 -LEADER
fixed length control field 00310nam a2200121Ia 4500
008 - FIXED-LENGTH DATA ELEMENTS--GENERAL INFORMATION
fixed length control field 191201s2014 xx 000 0 und d
100 ## - MAIN ENTRY--PERSONAL NAME
Personal name RAMASWAMY, V. S.
245 #0 - TITLE STATEMENT
Title Marketing Management:Global Perspective Indian Context
260 ## - PUBLICATION, DISTRIBUTION, ETC. (IMPRINT)
Place of publication, distribution, etc N. Delhi
Name of publisher, distributor, etc TMH
Date of publication, distribution, etc 2014
300 ## - PHYSICAL DESCRIPTION
Extent 788
650 ## - SUBJECT ADDED ENTRY--TOPICAL TERM
Topical term or geographic name as entry element BBA
942 ## - ADDED ENTRY ELEMENTS (KOHA)
Source of classification or shelving scheme Dewey Decimal Classification
Koha item type Text Books
Holdings
Withdrawn status Lost status Source of classification or shelving scheme Damaged status Not for loan Collection code Home library Current library Date acquired Source of acquisition Cost, normal purchase price Bill Number Total Checkouts Full call number Acc. no. / Barcode Date last seen Actual Cost, discounted price Bill Date Koha item type
    Dewey Decimal Classification     BBA PIET C-LIBRARY PIET C-LIBRARY 02/06/2015 KIRTI PRAKASHAN, NEW DELHI 795.00 IN2168   658.8 RAM 25290 04/12/2019 532.65 04/02/2015 Text Books
    Dewey Decimal Classification     BBA PIET C-LIBRARY PIET C-LIBRARY 02/06/2015 KIRTI PRAKASHAN, NEW DELHI 795.00 IN2168   658.8 RAM 25291 04/12/2019 532.65 04/02/2015 Text Books
    Dewey Decimal Classification     BBA PIET C-LIBRARY PIET C-LIBRARY 02/06/2015 KIRTI PRAKASHAN, NEW DELHI 795.00 IN2168   658.8 RAM 25292 04/12/2019 532.65 04/02/2015 Text Books
    Dewey Decimal Classification     BBA PIET C-LIBRARY PIET C-LIBRARY 02/06/2015 KIRTI PRAKASHAN, NEW DELHI 795.00 IN2168   658.8 RAM 25293 04/12/2019 532.65 04/02/2015 Text Books

Design & Developed by: PIET Central Library
R70 Miles Stone Pattikalyana Samalkha Panipat 132102
mail ID :- [email protected], Phone No:- 0180-2569700 Ex.216